| 000 -CABECERA |
| fixed length control field |
00790nam a22002177a 4500 |
| 003 - IDENTIFICADOR DEL NÚMERO DE CONTROL |
| control field |
AR-CdUCM |
| 008 - DATOS DE LONGITUD FIJA--INFORMACIÓN GENERAL |
| fixed length control field |
190313b ||||| |||| 00| 0 spa d |
| 040 ## - FUENTE DE LA CATALOGACIÓN |
| Agencia/entidad que catalogó originalmente la obra |
MUNICIPALIDAD PROVINCIAL DEL CUSCO |
| Entidad que transcribió la catalogación |
BIBLIOTECA MUNICIPAL DEL CUSCO |
| 082 ## - NÚMERO DE LA CLASIFICACIÓN DECIMAL DEWEY |
| No. de Clasificación |
900 / |
| Notacion interna |
L1964 |
| 245 ## - MENCIÓN DE TÍTULO |
| Título |
Libro del año Barsa 1964 : |
| Resto del título |
Anuario ilustrado de los principales acontecimientos ocurridos en el mundo en el año 1963 / |
| 260 ## - PUBLICACIÓN, DISTRIBUCIÓN, ETC. |
| Lugar de publicación, distribución, etc. |
Los Ángeles, California : |
| Nombre de la editorial, distribuidor, etc. |
Barsa Company |
| Fecha de publicación, distribución, etc. |
1964 |
| 300 ## - DESCRIPCIÓN FÍSICA |
| Nº de Páginas Extensión |
415 páginas ; |
| Otros detalles físicos |
Ilustraciones, |
| Dimensiones |
33 cm. |
| 650 ## - PUNTO DE ACCESO ADICIONAL DE MATERIA--TÉRMINO DE MATERIA |
| Descriptor |
Acontecimientos Mundiales |
| 9 (RLIN) |
17892 |
| 650 ## - PUNTO DE ACCESO ADICIONAL DE MATERIA--TÉRMINO DE MATERIA |
| Descriptor |
Historia mundia |
| 9 (RLIN) |
17893 |
| 650 ## - PUNTO DE ACCESO ADICIONAL DE MATERIA--TÉRMINO DE MATERIA |
| Descriptor |
1963 |
| 9 (RLIN) |
17894 |
| 650 ## - PUNTO DE ACCESO ADICIONAL DE MATERIA--TÉRMINO DE MATERIA |
| Descriptor |
Economia, deporte, política |
| 9 (RLIN) |
17895 |
| 700 ## - PUNTO DE ACCESO ADICIONAL--NOMBRE DE PERSONA |
| Nombre Personal |
Hinojosa Flores, Manuel (director) |
| 9 (RLIN) |
17896 |
| 942 ## - ELEMENTOS DE PUNTO DE ACCESO ADICIONAL (KOHA) |
| Fuente de clasificación |
|
| Tipo de item |
Libros-BMC |
| 945 ## - PROCESAMIENTO DE INFORMACIÓN LOCAL (OCLC) |
| Catalogador |
cmm |